| 000 | 00919nas a2200277 4500 | ||
|---|---|---|---|
| 001 | BR7306610 | ||
| 003 | BR-BrBNA | ||
| 005 | 20231205082613.0 | ||
| 007 | ta | ||
| 008 | 230509b bl.|||p| |||| 00| 00por d | ||
| 040 |
_aBR-BrBNA _bpor _cBiblioteca Nacional de Agricultura |
||
| 041 | _a(Pt) | ||
| 072 | _aH10 | ||
| 100 | 1 | _aNunes Junior, D. | |
| 100 | 1 | _aLara, F.M. | |
| 100 | 1 | _aBertoli, S.A. de | |
| 100 | 1 | _aOliveira, E.A. de | |
| 111 | 1 |
_aEncontro Regional da Sociedade Brasileira para o Progresso da Ciencia _cJaboticabal, SP (Brazil) _d6 May 1974 |
|
| 245 | 1 | _aEnsaio de controle de Enneothrips flavens - Moulton, 1941 e Stegasta bosquella em amendoinzeiro | |
| 650 | _aAMENDOIM | ||
| 650 | _aCONTROLE QUIMICO | ||
| 650 | _aTRIPS | ||
| 773 | 0 |
_tCiencia e Cultura (Brazil) _xISSN 0009-6725 _g(Dec 1975), v. 27(12) p. 1331 _wBR7306610 |
|
| 909 |
_a202311 _bLúcia _c55 _dLúcia Elande |
||
| 942 |
_2AGRIS _n0 _cANA |
||
| 999 |
_c93165 _d93165 |
||